| 000 | 00416nam a2200169Ia 4500 | ||
|---|---|---|---|
| 008 | 221030s9999 xx 000 0 und d | ||
| 020 | _a8184047332 | ||
| 041 | _aEnglish | ||
| 082 | _a105.23 | ||
| 100 | _aR. Rogers | ||
| 245 | 0 |
_aAndroid Application Development _cby R. Rogers, J. Lombardo |
|
| 260 |
_bShroff Pub. _aMumbai _c2011 |
||
| 300 | _a318 | ||
| 650 | _aGeneral | ||
| 700 | _aJ. Lombardo | ||
| 942 | _cBK | ||
| 999 |
_c10933 _d10933 |
||